| 000 | 07036cam a22018854i 4500 | ||
|---|---|---|---|
| 003 | PE-LiUPU | ||
| 005 | 20250813165701.0 | ||
| 008 | 150625s2006 ck a rb 000 0 spa d | ||
| 020 | _a9589181953 | ||
| 020 | _a9789589181959 | ||
| 035 | _a(Sirsi) i9789589181959 | ||
| 040 |
_aPE-LiUPU _bspa _cPE-LiUPU _dPE-LiUPU _erda |
||
| 049 | _aPRUA | ||
| 082 | 0 | 4 |
_a658.562 _bM19 _221 |
| 100 | 1 |
_aMalagón-Londoño, Gustavo, _eautor. |
|
| 245 | 1 | 0 |
_aGarantía de calidad en salud / _cGustavo Malagón-Londoño, Ricado Galán Morera y Gabriel Pontón Laverde. |
| 250 | _a2a edición. | ||
| 264 | 1 |
_aBogotá : _bPanamericana, _c2006. |
|
| 300 |
_a696 páginas : _bilustraciones ; _c25 centímetros |
||
| 336 |
_atext _2rdacontent |
||
| 337 |
_aunmediated _2rdamedia |
||
| 338 |
_avolume _2rdacarrier |
||
| 504 | _aIncluye bibliografía. | ||
| 505 | 0 | _aReseña general sobre la calidad -- Garantía de calidad en salud -- Auditoría en salud, como función de servicios con enfoque estratégico y de garantía de calidad -- Sistema de garantía de calidad en salud -- Diseño de un sistema de garantía de calidad para los servicios de salud -- Equidad en salud -- La epidemiología fundamento para la calidad -- Confianza: eje de calidad en las instituciones prestadoras de servicios de salud -- Calidad en la defensa de la vida humana -- La comunicación con la persona enferma, con la familia y con la comunidad -- La calidad de vida y la relación médico-paciente -- Indicadores directos e indirectos de calidad en salud -- Indicadores de gestión -- El pensamiento estratégico en la garantía de la calidad en salud -- Garantía de la calidad en promoción y prevención -- La prevención de la infección en la institución de salud -- Calidad en la práctica de la medicina crítica -- Ejemplo de un programa de garantía de calidad en ginecología y obstetricia -- Diseño de un sistema de calidad para un centro de ecografía diagnóstica -- Garantía de calidad en los servicios ambulatorios -- Garantía de calidad en la educación en un mundo globalizado -- ¿Es posible morir con calidad de vida -- La calidad en la información y la comunicación en las organizaciones de salud -- Sistemas de administración ambientas y su aplicación en organizaciones de prestación de servicios de salud -- La organización: sus dimensiones, dirección, excelencia y calidad -- Garantía de calidad administrativa en las instituciones hospitalarias y demás entes de salud -- Excelencia en recursos humanos: motivación, liderazgo dirección y disciplina -- La gerencia de la calidad y las finanzas -- Logística de gestión de suministros para obtener la garantía de calidad en salud -- Administración de conflictos para el logro de la excelencia -- El pensamiento lateral en el tratamiento de los conflictos -- Garantía de calidad en salud pública -- Aplicación de la norma ISO 9001 en los sistemas de gestión de la calidad en organizaciones prestadoras de servicios de salud. | |
| 526 | _aP203 | ||
| 526 | _aP200 | ||
| 526 | _aSEG65 | ||
| 526 | _aSEG64 | ||
| 526 | _aSEG63 | ||
| 526 | _aSEG62 | ||
| 526 | _aSEG61 | ||
| 526 | _aSEG60 | ||
| 526 | _aSEG59 | ||
| 526 | _aSEG58 | ||
| 526 | _aSEG57 | ||
| 526 | _aSEG56 | ||
| 526 | _aSEG55 | ||
| 526 | _aSEG54 | ||
| 526 | _aSEG53 | ||
| 526 | _aSEG52 | ||
| 526 | _aSEG51 | ||
| 526 | _aSEG50 | ||
| 526 | _aSEG49 | ||
| 526 | _aSEG48 | ||
| 526 | _aSEG47 | ||
| 526 | _aSEG46 | ||
| 526 | _aSEG24 | ||
| 526 | _aSEG23 | ||
| 526 | _aSEG22 | ||
| 526 | _aSEG21 | ||
| 526 | _aSEG20 | ||
| 526 | _aSEG19 | ||
| 526 | _aSEG18 | ||
| 526 | _aSEG17 | ||
| 526 | _aSEG16 | ||
| 526 | _aSEG14 | ||
| 526 | _aSEG13 | ||
| 526 | _aSEG12 | ||
| 526 | _aSEG11 | ||
| 526 | _aSEG10 | ||
| 526 | _aSEG09 | ||
| 526 | _aSEG06 | ||
| 526 | _aSEG05 | ||
| 526 | _aSEG04 | ||
| 526 | _aSEG03 | ||
| 526 | _aSEG02 | ||
| 526 | _aSEG68 | ||
| 526 | _aSEG66 | ||
| 526 | _aSEG45 | ||
| 526 | _aSEG25 | ||
| 526 | _aSEG01 | ||
| 526 | _aP163 | ||
| 526 | _aP162 | ||
| 526 | _aP161 | ||
| 526 | _aP160 | ||
| 526 | _aP159 | ||
| 526 | _aP158 | ||
| 526 | _aP157 | ||
| 526 | _aP156 | ||
| 526 | _aP155 | ||
| 526 | _aP154 | ||
| 526 | _aP153 | ||
| 526 | _aP152 | ||
| 526 | _aP151 | ||
| 526 | _aP150 | ||
| 526 | _aP149 | ||
| 526 | _aP142 | ||
| 526 | _aP141 | ||
| 526 | _aP140 | ||
| 526 | _aP139 | ||
| 526 | _aP138 | ||
| 526 | _aP137 | ||
| 526 | _aP132 | ||
| 526 | _aP131 | ||
| 526 | _aP130 | ||
| 526 | _aP126 | ||
| 526 | _aP125 | ||
| 526 | _aP124 | ||
| 526 | _aP123 | ||
| 526 | _aP115 | ||
| 526 | _aP122 | ||
| 526 | _aP121 | ||
| 526 | _aP116 | ||
| 526 | _a P114 | ||
| 526 | _aP112 | ||
| 526 | _aP111 | ||
| 526 | _aP104 | ||
| 526 | _aP103 | ||
| 526 | _aP102 | ||
| 526 | _aP101 | ||
| 526 | _aP100 | ||
| 526 | _aP96 | ||
| 526 | _aP95 | ||
| 526 | _aP93 | ||
| 526 | _aP92 | ||
| 526 | _aP91 | ||
| 526 | _aP88 | ||
| 526 | _aP83 | ||
| 526 | _aP82 | ||
| 526 | _aP79 | ||
| 526 | _aP78 | ||
| 526 | _aP75 | ||
| 526 | _aP74 | ||
| 526 | _aP71 | ||
| 526 | _aP69 | ||
| 526 | _a P51 | ||
| 526 | _aP49 | ||
| 526 | _aP48 | ||
| 526 | _aP47 | ||
| 526 | _aP33 | ||
| 526 | _aP31 | ||
| 526 | _a P30 | ||
| 526 | _aP29 | ||
| 526 | _aP27 | ||
| 526 | _aP26 | ||
| 526 | _aP25 | ||
| 526 | _aP24 | ||
| 526 | _a P22 | ||
| 526 | _aP10 | ||
| 526 | _aP09 | ||
| 526 | _a P08 | ||
| 526 | _aP06 | ||
| 526 | _aP05 | ||
| 526 | _aP04 | ||
| 526 | _aP01 | ||
| 541 | _g002-0000299; | ||
| 541 | _g015-0010008; | ||
| 650 | 0 | 4 | _aAdministración de servicios de salud. |
| 650 | 0 | 4 | _aCalidad de los servicios de salud. |
| 650 | 0 | 4 | _aServicios de salud. |
| 700 | 1 |
_aGalán Morera, Ricardo, _eautor. |
|
| 700 | 1 |
_aPontón Laverde, Gabriel, _eautor. |
|
| 942 |
_2ddc _cBOOK |
||
| 949 |
_a658.562 M19 _wDEWEY _c1 _i59322 _d2016-9-16 _e2016-9-16 _lCCODEBUL1 _mBUL _n1 _p82.00 _r0 _sY _tBOOK _u2015-6-25 _xSALUD _PP31 _0COMPRA _o.CIRCNOTE. No olvidar cambiar la fecha de devolución!!!!!!! _o.STAFF. Colección Ciencias de la Salud |
||
| 949 |
_aPGS 658.562 M19 _wDEWEY _c2 _i57761 _lCCODEBUL1 _mBUL _p63.00 _r0 _sY _tBOOK _u2015-6-25 _xSALUD _PP82 _0COMPRA _o.CIRCNOTE. No olvidar cambiar la fecha de devolución!!!!!!! _o.STAFF. Colección General |
||
| 994 |
_aC0 _bPEPRU |
||
| 596 | _a1 | ||
| 999 |
_a658.562 M19 _wDEWEY _c46762 _i59322 _d46762 _e2016-9-16 _f2021-11-4 _g5 _lCCODEBUL1 _mBUL _n1 _p82.00 _q1 _r0 _sY _tBOOK _u2015-6-25 _xSALUD _zP31 _0COMPRA _o.CIRCNOTE. No olvidar cambiar la fecha de devolución!!!!!!! _o.STAFF. Colección Ciencias de la Salud |
||
| 999 |
_aPGS 658.562 M19 _wDEWEY _c2 _i57761 _d2017-11-6 _f2019-12-11 _g4 _lCCODEBUL1 _mBUL _p63.00 _q2 _r0 _sY _tBOOK _u2015-6-25 _xSALUD _PP82 _0COMPRA _o.CIRCNOTE. No olvidar cambiar la fecha de devolución!!!!!!! _o.STAFF. Colección General |
||
| 980 |
_81 _gALBERTO SANCHEZ Responsable de Automatización |
||